Văn học dân gian trong xã hội hiện đại
TM tài liệu tham khảo tr. 299 - 304; Gồm 2 phần: Văn học dân gian trong xã hội hiện đại (Đặc điểm phát triển của văn học dân gian Việt Nam; sự hóa thân của văn học dân gian trong các hình thức văn hóa dân tộc); một số tác phẩm văn học dân gian...
Gespeichert in:
| 1. Verfasser: | |
|---|---|
| Weitere Verfasser: | |
| Format: | Buch |
| Sprache: | Undetermined |
| Veröffentlicht: |
H.
Hội nhà văn
2016
|
| Schlagworte: | |
| Online Zugang: | http://lrc.tdmu.edu.vn/opac/search/detail.asp?aID=2&ID=28155 |
| Tags: |
Tag hinzufügen
Keine Tags, Fügen Sie den ersten Tag hinzu!
|
| Thư viện lưu trữ: | Trung tâm Học liệu Trường Đại học Thủ Dầu Một |
|---|
| LEADER | 01189nam a2200217Ia 4500 | ||
|---|---|---|---|
| 001 | TDMU_28155 | ||
| 008 | 210410s9999 xx 000 0 und d | ||
| 082 | |a 621.31 | ||
| 090 | |b TR121 | ||
| 100 | |a Trần, Thị Trâm | ||
| 245 | 0 | |a Văn học dân gian trong xã hội hiện đại | |
| 245 | 0 | |c Trần Thị Trâm | |
| 260 | |a H. | ||
| 260 | |b Hội nhà văn | ||
| 260 | |c 2016 | ||
| 300 | |a 312 tr . | ||
| 520 | |a TM tài liệu tham khảo tr. 299 - 304; Gồm 2 phần: Văn học dân gian trong xã hội hiện đại (Đặc điểm phát triển của văn học dân gian Việt Nam; sự hóa thân của văn học dân gian trong các hình thức văn hóa dân tộc); một số tác phẩm văn học dân gian Việt Nam hiện đại chọn lọc. | ||
| 650 | |a Văn học dân gian |x Nghiên cứu |z Việt Nam; Nghiên cứu văn học |x Văn học dân gian |z Việt Nam | ||
| 700 | |a Hội Văn nghệ dân gian Việt Nam | ||
| 856 | |u http://lrc.tdmu.edu.vn/opac/search/detail.asp?aID=2&ID=28155 | ||
| 980 | |a Trung tâm Học liệu Trường Đại học Thủ Dầu Một | ||